Механизмы и закономерности индивидуального развития человека и животных (Запись № 4545842)

Подробности
000 -МАРКЕР
контрольное поле 03238nam0a2200493 i 4500
001 - ИДЕНТИФИКАТОР ЗАПИСИ
контрольное поле RU\NLR\bibl\2042736
005 - ИДЕНТИФИКАТОР ВЕРСИИ
контрольное поле 20260405111034.0
010 ## - МЕЖДУНАРОДНЫЙ СТАНДАРТНЫЙ НОМЕР КНИГИ (ISBN)
Номер (ISBN) 9785915162371
Тираж 500
021 ## - НОМЕР ГОСУДАРСТВЕННОЙ РЕГИСТРАЦИИ
Код страны Российская Федерация
Номер 2013-37104
Номер Листа государственной регистраци 2543
035 ## - ДРУГИЕ СИСТЕМНЫЕ НОМЕРА
Идентификатор записи (nilc)RuMoRGB-006577296
035 ## - ДРУГИЕ СИСТЕМНЫЕ НОМЕРА
Идентификатор записи (NLR Aleph) 002030000
100 ## - ДАННЫЕ ОБЩЕЙ ОБРАБОТКИ
Данные общей обработки 20130513d2013 k y0rusy50 ca
101 0# - ЯЗЫК РЕСУРСА
Язык текста, звукозаписи и т.д. русский
Язык резюме английский
102 ## - СТРАНА ПУБЛИКАЦИИ ИЛИ ПРОИЗВОДСТВА
Страна публикации Российская Федерация
105 ## - ПОЛЕ КОДИРОВАННЫХ ДАННЫХ: ТЕКСТОВЫЕ МАТЕРИАЛЫ, МОНОГРАФИЧЕСКИЕ
Кодированные данные о монографическом текстовом документе a |||||||||
200 1# - ЗАГЛАВИЕ И СВЕДЕНИЯ ОБ ОТВЕТСТВЕННОСТИ
Основное заглавие Механизмы и закономерности индивидуального развития человека и животных
Сведения, относящиеся к заглавию материалы Международной научно-практической конференции, посвященной 75-летию заслуженного деятеля науки Российской Федерации, доктора биологических наук, профессора Тельцова Леонида Петровича, Саранск, 12-13 октября 2012 г.
Первые сведения об ответственности [редкол.: Романова Т.А., д.б.н., проф. и др.]
210 ## - ПУБЛИКАЦИЯ, РАСПРОСТРАНЕНИЕ И ДР.
Место издания, распространения и т.д. Саранск
Имя издателя, распространителя и т. д. Изд-во Мордовского университета
Дата издания, распространения и т.д. 2013
215 ## - ФИЗИЧЕСКАЯ ХАРАКТЕРИСТИКА
Специфическое обозначение материала и объем 315 с.
Другие сведения о физической характеристике ил., портр.
Размеры 21
300 ## - ОБЩИЕ ПРИМЕЧАНИЯ
Текст примечания В надзаг.: М-во образования и науки Рос. Федерации, ФГБОУ ВПО "Морд. гос. ун-т им. Н.П. Огарева", Морд. отд-ние Рос. о-ва анатомов, гистологов, эмбриологов
300 ## - ОБЩИЕ ПРИМЕЧАНИЯ
Текст примечания Рез. на англ. яз.
320 ## - ПРИМЕЧАНИЯ О НАЛИЧИИ В ДОКУМЕНТЕ БИБЛИОГРАФИИ / УКАЗАТЕЛЯ
Текст примечания Библиогр. в конце ст.
600 #1 - ИМЯ ЛИЦА КАК ПРЕДМЕТ
Начальный элемент ввода Тельцов
Часть имени, кроме начального элемента ввода Л.П.
Даты 1937
Расширение инициалов личного имени Леонид Петрович
Системный номер авторитетной/нормативной записи 2523410
Идентификатор авторитетной/нормативной записи RU\NLR\auth\661495146
606 1# - НАИМЕНОВАНИЕ ТЕМЫ КАК ПРЕДМЕТ
Наименование темы Ветеринария
Формальный подзаголовок Съезды, совещания и т.п.
Системный номер авторитетной/нормативной записи 939599
Идентификатор авторитетной/нормативной записи RU\NLR\auth\6628749
606 ## - НАИМЕНОВАНИЕ ТЕМЫ КАК ПРЕДМЕТ
Наименование темы Животные
Формальный подзаголовок Съезды, совещания и т.п.
Тематический подзаголовок Онтогенез
Системный номер авторитетной/нормативной записи 906579
Идентификатор авторитетной/нормативной записи RU\NLR\auth\6610625
606 1# - НАИМЕНОВАНИЕ ТЕМЫ КАК ПРЕДМЕТ
Наименование темы Человек
Формальный подзаголовок Съезды, совещания и т.п.
Тематический подзаголовок Эмбриональное развитие
Системный номер авторитетной/нормативной записи 1450822
Идентификатор авторитетной/нормативной записи RU\NLR\auth\66304722
606 ## - НАИМЕНОВАНИЕ ТЕМЫ КАК ПРЕДМЕТ
Наименование темы Сельскохозяйственные животные
Формальный подзаголовок Съезды, совещания и т.п.
Тематический подзаголовок Онтогенез
Системный номер авторитетной/нормативной записи 1464072
Идентификатор авторитетной/нормативной записи RU\NLR\auth\66621399
686 ## - ИНДЕКСЫ ДРУГИХ КЛАССИФИКАЦИЙ
Индекс Е.д(2)Тельцов
686 ## - ИНДЕКСЫ ДРУГИХ КЛАССИФИКАЦИЙ
Индекс Е63я431(0)
686 ## - ИНДЕКСЫ ДРУГИХ КЛАССИФИКАЦИЙ
Индекс Е83я431(0)
686 ## - ИНДЕКСЫ ДРУГИХ КЛАССИФИКАЦИЙ
Индекс П8я431(0)
686 ## - ИНДЕКСЫ ДРУГИХ КЛАССИФИКАЦИЙ
Индекс П524я431(0)
686 ## - ИНДЕКСЫ ДРУГИХ КЛАССИФИКАЦИЙ
Индекс П8д(2)Тельцов
702 #1 - ИМЯ ЛИЦА - ВТОРИЧНАЯ ОТВЕТСТВЕННОСТЬ
Код отношения Редактор
Графика поля Кириллица
Материалы, к которым относится поле rus
Начальный элемент ввода Романова
Часть имени, кроме начального элемента ввода Т. А.
Дополнения к именам, кроме дат канд. биол. наук, ветеринария
Расширение инициалов личного имени Татьяна Алексеевна
Системный номер авторитетной/нормативной записи 25048
Идентификатор авторитетной/нормативной записи RU\NLR\auth\7742101
702 #1 - ИМЯ ЛИЦА - ВТОРИЧНАЯ ОТВЕТСТВЕННОСТЬ
Код отношения Прочие
Начальный элемент ввода Тельцов
Часть имени, кроме начального элемента ввода Л. П.
Даты 1937-
Расширение инициалов личного имени Леонид Петрович
Системный номер авторитетной/нормативной записи 143293
Идентификатор авторитетной/нормативной записи RU\NLR\AUTH\770143329
712 02 - НАИМЕНОВАНИЕ ОРГАНИЗАЦИИ - ВТОРИЧНАЯ ОТВЕТСТВЕННОСТЬ
Код отношения Прочие
Начальный элемент ввода Мордовский государственный университет им. Н. П. Огарева
Идентифицирующий признак Саранск
Системный номер авторитетной/нормативной записи 357326
Идентификатор авторитетной/нормативной записи RU\NLR\AUTH\889930926
801 #0 - ИСТОЧНИК ЗАПИСИ
Страна Российская Федерация
Организация RuMoRKP
Дата составления 20130513
Правила каталогизации RCR
801 #2 - ИСТОЧНИК ЗАПИСИ
Страна Российская Федерация
Организация РГБ
Дата составления 20130528
Правила каталогизации rcr
801 #1 - ИСТОЧНИК ЗАПИСИ
Страна Российская Федерация
Организация RuMoRKP
Дата составления 20130513
Источник данных rusmarc
801 #2 - ИСТОЧНИК ЗАПИСИ
Страна Российская Федерация
Организация NLR
Дата составления 20130613
Правила каталогизации rcr
942 ## - ДОПОЛНИТЕЛЬНЫЕ ЭЛЕМЕНТЫ ЗАПИСИ (АБИС)
Тип экземпляра АБИС Книга
980 ## - КОЛЛЕКЦИЯ
Название коллекции НБР

Нет доступных экземпляров.